| 000 | 00513nam a2200157 a 4500 | ||
|---|---|---|---|
| 001 | 000044664 | ||
| 005 | 20201002045534.0 | ||
| 008 | 141215s2012 dr a 000 0 spa d | ||
| 020 | _a9789945883213 | ||
| 040 |
_aDO-SdBNP _bspa _cBNPHU |
||
| 082 |
_axxxxxx _bxxxxxx |
||
| 110 | 1 |
_aRepública Dominicana. _bPoder Judicial _915992 |
|
| 245 | 1 | 0 |
_aJusticia y Comunidad : _b¿qué es el poder judicial de la República Dominicana? |
| 260 |
_aSanto Domingo : _bAmigo del hogaar, _c2012. |
||
| 300 |
_a74 p. : _bil. ; _c28 cm. |
||
| 999 |
_c44153 _d44153 |
||